[Event "Open Marianske Lazne 2018 - A + B"]
[Site "?"]
[Date "2018.01.23"]
[Round "4"]
[White "Nitish, Belurkar"]
[Black "Hoefelsauer, Thomas"]
[Result "0-1"]
[WhiteElo "2270"]
[BlackElo "2356"]
[PlyCount "78"]
[EventDate "2018.??.??"]

1. e4 c6 2. c4 d5 3. cxd5 cxd5 4. exd5 Nf6 5. Qa4+ Nbd7 6. Nc3 g6 7. Bc4 Bg7 8.
Nf3 O-O 9. d3 a6 10. Qa3 Nb6 11. Qb3 Nbd7 12. a4 b6 13. O-O Nc5 14. Qa3 Bb7 15.
b4 Ncd7 16. Qb3 Nxd5 17. Bxd5 Bxd5 18. Nxd5 Bxa1 19. d4 Nf6 20. Nxf6+ exf6 21.
Be3 Bxd4 22. Nxd4 Qd6 23. b5 axb5 24. axb5 Ra3 25. Qb2 Rfa8 26. Nc6 Qe6 27. Qd4
Kg7 28. Qxb6 Ra1 29. Qd4 Rxf1+ 30. Kxf1 Qb3 31. Na7 Rxa7 32. b6 Qb5+ 33. Ke1
Ra2 34. Qd1 Rb2 35. Bc1 Qb4+ 36. Kf1 Qc4+ 37. Kg1 Rxb6 38. Be3 Qb3 39. Qf1 Rd6
0-1

[Event "Open Marianske Lazne 2018 - A + B"]
[Site "?"]
[Date "2018.01.23"]
[Round "4"]
[White "Chudinovskikh, Alexander M"]
[Black "Solozhenkina, Elizaveta"]
[Result "1/2-1/2"]
[WhiteElo "2225"]
[BlackElo "2190"]
[PlyCount "29"]
[EventDate "2018.??.??"]

1. d4 Nf6 2. c4 g6 3. Nc3 d5 4. Nf3 Bg7 5. Bg5 Ne4 6. cxd5 Nxg5 7. Nxg5 e6 8.
Nf3 exd5 9. e3 O-O 10. Be2 c6 11. O-O Be6 12. b4 Nd7 13. Qb3 a5 14. Rfc1 axb4
15. Qxb4 1/2-1/2

[Event "Open Marianske Lazne 2018 - A + B"]
[Site "?"]
[Date "2018.01.23"]
[Round "4"]
[White "Csiki, Endre"]
[Black "Lee, Qing Aun"]
[Result "1/2-1/2"]
[WhiteElo "2093"]
[BlackElo "2277"]
[PlyCount "37"]
[EventDate "2018.??.??"]

1. e4 c5 2. Nf3 e6 3. d4 cxd4 4. Nxd4 Nf6 5. Nc3 Bb4 6. Bd3 Nc6 7. Nxc6 bxc6 8.
Bd2 e5 9. O-O O-O 10. a3 Be7 11. Qe2 d6 12. Kh1 Qc7 13. Rfe1 Be6 14. Rab1 Nd7
15. Bc4 Qb7 16. Ba6 Qc7 17. Bc4 Qb7 18. Ba6 Qc7 19. Bc4 1/2-1/2

[Event "Open Marianske Lazne 2018 - A + B"]
[Site "?"]
[Date "2018.01.23"]
[Round "4"]
[White "Sivakumar, Ashvin"]
[Black "Heimrath, Reiner"]
[Result "1-0"]
[WhiteElo "2208"]
[BlackElo "2260"]
[PlyCount "101"]
[EventDate "2018.??.??"]

1. d4 Nf6 2. Nf3 g6 3. Bg5 Bg7 4. Nbd2 h6 5. Bh4 c5 6. dxc5 Na6 7. Nb3 Nxc5 8.
e3 O-O 9. Be2 Nfe4 10. c3 d6 11. O-O a5 12. Qc2 g5 13. Nxc5 Nxc5 14. Bg3 a4 15.
e4 Qc7 16. h4 Ne6 17. Rac1 Ra5 18. Rfd1 Qb6 19. hxg5 Nxg5 20. Nd4 e5 21. Nf3
Nxf3+ 22. Bxf3 Be6 23. Qd3 Rd8 24. c4 Bf6 25. Rc2 Rc5 26. Qe2 Qc6 27. b3 axb3
28. axb3 Qc8 29. Rcd2 Rc6 30. Bh5 Rb6 31. Qe3 Qc7 32. Qxh6 Qe7 33. Qe3 Rc6 34.
f4 Rdc8 35. Qf3 exf4 36. Bxf4 Be5 37. Qg3+ Kh7 38. Bxe5 dxe5 39. Qxe5 Rc5 40.
Rd5 Qf8 41. R1d3 b6 42. Bg6+ Kg8 43. Qh5 Kg7 44. Qh7+ Kf6 45. e5+ Ke7 46. Qh4+
f6 47. Qh7+ Bf7 48. Rd7+ Ke6 49. R3d6+ Qxd6 50. Rxd6+ Kxe5 51. Qh2# 1-0

[Event "Open Marianske Lazne 2018 - A + B"]
[Site "?"]
[Date "2018.01.23"]
[Round "4"]
[White "Narendran, Gouthaman"]
[Black "Lukasiewicz, Krzysztof"]
[Result "1-0"]
[WhiteElo "2106"]
[BlackElo "2218"]
[PlyCount "93"]
[EventDate "2018.??.??"]

1. e4 c5 2. Nf3 d6 3. d4 cxd4 4. Nxd4 Nf6 5. Nc3 a6 6. Bg5 e6 7. f4 h6 8. Bh4
Qb6 9. a3 Be7 10. Bf2 Qc7 11. Qf3 Nbd7 12. O-O-O b5 13. g4 Bb7 14. Bg2 Rc8 15.
h4 e5 16. Nf5 Bxe4 17. Qh3 Bxf5 18. gxf5 exf4 19. Qf3 Ne5 20. Qxf4 Nc4 21. Bd4
Qa5 22. Rhe1 b4 23. axb4 Qxb4 24. Nd5 Nxd5 25. Bxd5 Qa5 26. Bxc4 Rxc4 27. f6
gxf6 28. Rxe7+ Kxe7 29. Bxf6+ Kd7 30. Qxc4 Rf8 31. Qg4+ Kc7 32. Kb1 Re8 33.
Qc4+ Kb8 34. Bc3 Qb6 35. Qxf7 Rc8 36. Bd4 Qc7 37. Qxc7+ Kxc7 38. Be3 h5 39. Bf4
Rd8 40. Rd5 Kc6 41. Rxh5 Rf8 42. Bd2 Rf1+ 43. Ka2 Rf2 44. Bb4 Rxc2 45. Rh6 Rc4
46. Kb3 Rd4 47. Rxd6+ 1-0

[Event "Open Marianske Lazne 2018 - A + B"]
[Site "?"]
[Date "2018.01.23"]
[Round "4"]
[White "Chkhaidze, Nikoloz"]
[Black "Makarian, Rudik"]
[Result "1/2-1/2"]
[WhiteElo "2306"]
[BlackElo "2138"]
[PlyCount "88"]
[EventDate "2018.??.??"]

1. d4 Nf6 2. c4 g6 3. Nc3 Bg7 4. Nf3 O-O 5. Bg5 h6 6. Bh4 d6 7. e3 c5 8. d5 b5
9. cxb5 a6 10. a4 Bd7 11. Bc4 g5 12. Bg3 axb5 13. axb5 Rxa1 14. Qxa1 Bg4 15. h4
Bxf3 16. gxf3 Nbd7 17. hxg5 hxg5 18. Qb1 Qa5 19. Kf1 Nb6 20. Ne4 Ra8 21. Nxf6+
Bxf6 22. Qh7+ Kf8 23. b3 Qc3 24. Kg2 Ra2 25. Qe4 Qc2 26. Kh3 Ke8 27. Kg4 Kd7
28. Rh7 Qxe4+ 29. fxe4 Nxc4 30. bxc4 Rc2 31. Kf5 Rxc4 32. f4 gxf4 33. exf4 Rc3
34. Bh2 Rd3 35. e5 dxe5 36. fxe5 Rxd5 37. Rxf7 Bxe5 38. Bxe5 c4 39. b6 Rb5 40.
Ke4 Ke6 41. Rf5 c3 42. Rh5 c2 43. Rh6+ Kd7 44. Bf4 Rb4+ 1/2-1/2

[Event "Open Marianske Lazne 2018 - A + B"]
[Site "Marianske Lazne (CZE)"]
[Date "2018.01.20"]
[Round "1"]
[White "Raahul, V S."]
[Black "Siekanski, Janusz"]
[Result "1/2-1/2"]
[WhiteElo "2205"]
[BlackElo "2272"]
[PlyCount "45"]
[EventDate "2018.01.20"]

1. c4 e6 2. g3 d5 3. Bg2 Nf6 4. Nf3 c5 5. O-O Nc6 6. cxd5 exd5 7. d4 Be7 8. Nc3
O-O 9. Bg5 c4 10. b3 Qa5 11. Rc1 Ba3 12. Bxf6 gxf6 13. Rc2 cxb3 14. axb3 Bf5
15. Ra2 Nb4 16. Ra1 Nc2 17. Ra2 Qxc3 18. Nh4 Be6 19. Rxc2 Qxb3 20. e4 Rfd8 21.
exd5 Bxd5 22. Qg4+ Kh8 23. Qf5 1/2-1/2

[Event "Open Marianske Lazne 2018 - A + B"]
[Site "Marianske Lazne (CZE)"]
[Date "2018.01.22"]
[Round "3"]
[White "Siekanski, Janusz"]
[Black "Rosko, Lubos"]
[Result "1-0"]
[WhiteElo "2272"]
[BlackElo "2301"]
[PlyCount "75"]
[EventDate "2018.01.20"]

1. d4 Nf6 2. c4 c5 3. d5 e6 4. Nc3 exd5 5. cxd5 d6 6. e4 g6 7. h3 Bg7 8. Bg5
O-O 9. Nf3 Re8 10. Bd3 h6 11. Be3 b6 12. O-O Ba6 13. Re1 Bxd3 14. Qxd3 a6 15.
Bf4 b5 16. e5 dxe5 17. Rxe5 Rxe5 18. Nxe5 Nh5 19. Bh2 Bxe5 20. Bxe5 Nc6 21. Bh2
Nd4 22. d6 Nf6 23. Re1 Qd7 24. b4 Re8 25. Rxe8+ Qxe8 26. Kf1 Qc6 27. Be5 Nd5
28. bxc5 Nxc3 29. Qxd4 Nd5 30. Bh8 f6 31. Bxf6 b4 32. Kg1 a5 33. Bh8 Kf7 34.
Qg7+ Ke8 35. Qxg6+ Kd7 36. Qf5+ Kd8 37. Bg7 Qxc5 38. Bf6+ 1-0

[Event "Open Marianske Lazne 2018 - A + B"]
[Site "Marianske Lazne (CZE)"]
[Date "2018.01.23"]
[Round "4"]
[White "German, Nikita"]
[Black "Plischki, Sebastian"]
[Result "0-1"]
[WhiteElo "2229"]
[BlackElo "2395"]
[PlyCount "120"]
[EventDate "2018.01.20"]

1. e4 c5 2. Nf3 d6 3. d4 cxd4 4. Nxd4 Nf6 5. Nc3 a6 6. Be2 e6 7. f4 Nc6 8. Bf3
Bd7 9. Nb3 Be7 10. Be3 O-O 11. O-O Rc8 12. a4 e5 13. g3 Nb4 14. Qe2 Be6 15.
Rfd1 Qc7 16. Rac1 Rfe8 17. f5 Bc4 18. Qg2 b5 19. axb5 Bxb5 20. Nxb5 axb5 21. c3
Nc6 22. g4 Nd7 23. g5 Nb6 24. Nd2 Bf8 25. h4 Na5 26. b3 Nb7 27. Qf1 d5 28. Qxb5
Bc5 29. Bxc5 Nxc5 30. Kg2 Rb8 31. Qe2 Red8 32. b4 dxe4 33. Nxe4 Nxe4 34. Bxe4
Rxd1 35. Qxd1 Nc4 36. Qe2 Nd6 37. Rc2 Rc8 38. Qd3 Qb6 39. Qe2 Rc4 40. Bd3 Rxh4
41. Kg3 Rh1 42. Qxe5 Rd1 43. Qe2 Rg1+ 44. Kf4 Qd8 45. f6 h6 46. Qe7 hxg5+ 47.
Ke5 Qb6 48. Re2 Rg3 49. Qxd6 Qxd6+ 50. Kxd6 Rxd3+ 51. Ke5 Rxc3 52. fxg7 Kxg7
53. Kf5 Rb3 54. Re4 Kh6 55. Rc4 Kh5 56. Kf6 Rf3+ 57. Ke5 g4 58. b5 g3 59. Rc1
Kg4 60. Rg1 Rf5+ 0-1

[Event "Open Marianske Lazne 2018 - A + B"]
[Site "Marianske Lazne (CZE)"]
[Date "2018.01.20"]
[Round "1"]
[White "Lee, Qing Aun"]
[Black "Steiner, Bruno"]
[Result "1-0"]
[WhiteElo "2277"]
[BlackElo "2135"]
[PlyCount "99"]
[EventDate "2018.01.20"]

1. e4 e5 2. Nf3 Nc6 3. Bc4 Nf6 4. d3 Be7 5. O-O d6 6. Bb3 O-O 7. c3 Na5 8. Bc2
c5 9. Nbd2 Be6 10. Re1 Qc7 11. d4 cxd4 12. cxd4 exd4 13. Nxd4 Bg4 14. f3 Bd7
15. Nf1 Rac8 16. Ne3 Rfe8 17. Bd2 b5 18. a4 Nc4 19. Nxc4 Qxc4 20. Be3 d5 21.
Bd3 Qb4 22. e5 Nh5 23. Bxb5 Bxb5 24. Nxb5 a6 25. Nc3 Qxb2 26. Nxd5 Bh4 27. Bd4
Qb7 28. Nb6 Rc6 29. Re4 Bd8 30. a5 g6 31. Rb1 Ng7 32. Nc4 Qxb1 33. Qxb1 Rxc4
34. Bb6 Rc6 35. Rd4 Bg5 36. f4 Bh4 37. g3 Be7 38. Rd7 Nf5 39. g4 Rec8 40. gxf5
Rc1+ 41. Qxc1 Rxc1+ 42. Kg2 Rc2+ 43. Kf3 Rc3+ 44. Ke4 gxf5+ 45. Kxf5 Bb4 46.
Rd8+ Kg7 47. Bd4 Ra3 48. e6+ Kh6 49. exf7 Rxa5+ 50. Be5 1-0

[Event "Open Marianske Lazne 2018 - A + B"]
[Site "Marianske Lazne (CZE)"]
[Date "2018.01.21"]
[Round "2"]
[White "Csiki, Endre"]
[Black "Turner, Jan"]
[Result "1/2-1/2"]
[WhiteElo "2093"]
[BlackElo "2368"]
[PlyCount "36"]
[EventDate "2018.01.20"]

1. e4 Nc6 2. Nf3 d6 3. d4 Nf6 4. Nc3 g6 5. Bb5 a6 6. Bxc6+ bxc6 7. O-O Bg7 8.
h3 O-O 9. Be3 h6 10. Re1 Kh7 11. Nd2 Nd7 12. a4 a5 13. Rb1 e5 14. dxe5 Nxe5 15.
Ne2 Ba6 16. f4 Nc4 17. Nxc4 Bxc4 18. Bd4 Bxe2 1/2-1/2

[Event "Open Marianske Lazne 2018 - A + B"]
[Site "Marianske Lazne (CZE)"]
[Date "2018.01.22"]
[Round "3"]
[White "Solozhenkina, Elizaveta"]
[Black "Nitish, Belurkar"]
[Result "0-1"]
[WhiteElo "2190"]
[BlackElo "2270"]
[PlyCount "144"]
[EventDate "2018.01.20"]

1. e4 d5 2. exd5 Qxd5 3. Nc3 Qd6 4. d4 a6 5. Nf3 Nf6 6. Be3 Nc6 7. Bd3 Bg4 8.
h3 Bh5 9. Ne4 Nxe4 10. Bxe4 O-O-O 11. O-O Bg6 12. Bxc6 Qxc6 13. Ne5 Qf6 14. c4
e6 15. Qa4 Qe7 16. c5 Be4 17. c6 f6 18. cxb7+ Kxb7 19. Qb3+ Ka8 20. Nd3 Qd7 21.
Rac1 Rb8 22. Qc4 Qb5 23. Qxb5 Rxb5 24. Nf4 Bd6 25. Nxe6 Rxb2 26. Bf4 Bxf4 27.
Nxf4 Kb8 28. Rfe1 Re8 29. Nd5 Rb7 30. Rc6 Bg6 31. Rxe8+ Bxe8 32. Rxa6 Rb1+ 33.
Kh2 Rd1 34. Nf4 Rxd4 35. Ne6 Rd7 36. Ra3 Re7 37. Rb3+ Kc8 38. Nf4 Bf7 39. Rb2
Re4 40. Ne2 Ra4 41. Nc3 Rc4 42. Ne2 c5 43. Kg3 Kc7 44. f4 h5 45. Kf2 Ra4 46.
Rc2 Kb6 47. Rb2+ Kc7 48. Rc2 Kb6 49. f5 h4 50. Nc3 Rf4+ 51. Ke3 Rxf5 52. Rb2+
Kc6 53. a4 Re5+ 54. Kf2 c4 55. Rb8 Rf5+ 56. Kg1 Ra5 57. Kf2 Kc5 58. Ke3 Bd5 59.
Rc8+ Bc6 60. Rc7 g5 61. Rc8 Kd6 62. Kd4 Bxg2 63. Rxc4 Bxh3 64. Ne4+ Ke7 65.
Rc7+ Bd7 66. Nc5 Rxc5 67. Rxc5 h3 68. Rc1 Kd6 69. Rh1 g4 70. Ke3 Ke5 71. Re1
Bc6 72. Kf2+ Kf4 0-1

[Event "Open Marianske Lazne 2018 - A + B"]
[Site "Marianske Lazne (CZE)"]
[Date "2018.01.22"]
[Round "3"]
[White "Hoefelsauer, Thomas"]
[Black "Steiner, Bruno"]
[Result "1-0"]
[WhiteElo "2356"]
[BlackElo "2135"]
[PlyCount "123"]
[EventDate "2018.01.20"]

1. d4 Nf6 2. c4 e6 3. Nc3 d5 4. cxd5 exd5 5. Bg5 c6 6. Qc2 Be7 7. e3 Nbd7 8.
Bd3 h6 9. Bh4 Nh5 10. Bxe7 Qxe7 11. Nge2 Nb6 12. O-O O-O 13. a3 a5 14. Qb3 Qd8
15. Rae1 Re8 16. Nc1 Be6 17. Na4 Nc4 18. Bxc4 dxc4 19. Qd1 Qg5 20. f4 Qg6 21.
e4 Bg4 22. Qc2 Qd6 23. Qxc4 Nxf4 24. Qc5 Qxc5 25. Nxc5 Ne6 26. N1b3 b6 27. Nxe6
Bxe6 28. Nd2 Rad8 29. Nf3 Bc4 30. Rf2 f6 31. Rc2 b5 32. Rd2 a4 33. Kf2 Re6 34.
Rdd1 Rde8 35. Nd2 Bd3 36. Kf3 Rd8 37. Ke3 Bxe4 38. Nxe4 f5 39. Kd3 fxe4+ 40.
Rxe4 Red6 41. Rc1 Rf8 42. Rce1 Kh7 43. Kc3 Rf5 44. Re6 Rd7 45. Rxc6 Rf2 46. Rd1
Rxg2 47. d5 Kg8 48. d6 Kf7 49. Kd4 Rg5 50. Rd2 Rf5 51. Rb6 g6 52. Kc3 g5 53.
Kb4 Ke6 54. Rxb5 Rf4+ 55. Kc5 Rf5+ 56. Kc6 Rxb5 57. Re2+ Kf7 58. Kxd7 Rc5 59.
Rf2+ Kg6 60. Ke6 Rc1 61. d7 Rd1 62. Rf8 1-0

[Event "Open Marianske Lazne 2018 - A + B"]
[Site "Marianske Lazne (CZE)"]
[Date "2018.01.23"]
[Round "4"]
[White "Turner, Jan"]
[Black "Jurek, Josef"]
[Result "1/2-1/2"]
[WhiteElo "2368"]
[BlackElo "2260"]
[PlyCount "27"]
[EventDate "2018.01.20"]

1. d4 e6 2. Nf3 Nf6 3. e3 b6 4. Bd3 Bb7 5. Nbd2 c5 6. O-O Be7 7. c3 cxd4 8.
exd4 O-O 9. Re1 d6 10. Nf1 Nbd7 11. Ng3 a6 12. Qe2 Re8 13. Ng5 Bf8 14. Qc2
1/2-1/2

[Event "Open Marianske Lazne 2018 - A + B"]
[Site "Marianske Lazne (CZE)"]
[Date "2018.01.21"]
[Round "2"]
[White "Chkhaidze, Nikoloz"]
[Black "Vulfson, Vladimir"]
[Result "1-0"]
[WhiteElo "2306"]
[BlackElo "2401"]
[PlyCount "119"]
[EventDate "2018.01.20"]

1. d4 Nf6 2. c4 g6 3. Nc3 Bg7 4. e4 d6 5. h3 O-O 6. Be3 c5 7. d5 e6 8. Nf3 exd5
9. exd5 Na6 10. Bd3 Nb4 11. Be2 Bf5 12. Rc1 Ne4 13. Nxe4 Bxe4 14. a3 Na6 15.
Ng5 Bf5 16. g4 Bd7 17. Qd2 Re8 18. O-O Rb8 19. b4 b5 20. cxb5 Bxb5 21. Bxb5
Rxb5 22. Qd3 Rb6 23. Ne4 f5 24. gxf5 gxf5 25. Ng3 f4 26. Bxf4 cxb4 27. Nf5 Nc5
28. Qg3 Qf6 29. Bh6 Kf7 30. Qxg7+ Qxg7+ 31. Bxg7 Kg6 32. Nxd6 Rxd6 33. Rxc5
Kxg7 34. axb4 Rg6+ 35. Kh2 Re2 36. Rc7+ Kh6 37. Rxa7 Rb2 38. Rb7 Rd2 39. Rb5
Kh5 40. Rc5 Rg5 41. d6 Rxd6 42. Rxg5+ Kxg5 43. Rb1 Kf4 44. b5 Rb6 45. Rb3 Ke4
46. Kg2 Kd4 47. Kf3 Kc4 48. Rb1 Kd3 49. Rd1+ Kc4 50. Ke4 Re6+ 51. Kf5 Rb6 52.
Rb1 Kd3 53. f4 Kc2 54. Re1 Rxb5+ 55. Kf6 Rh5 56. Re3 Kd2 57. Ra3 Rb5 58. f5
Rb6+ 59. Kg7 Rb7+ 60. Kg8 1-0

[Event "Open Marianske Lazne 2018 - A + B"]
[Site "Marianske Lazne (CZE)"]
[Date "2018.01.22"]
[Round "3"]
[White "Makarian, Rudik"]
[Black "Narendran, Gouthaman"]
[Result "1/2-1/2"]
[WhiteElo "2138"]
[BlackElo "2106"]
[PlyCount "139"]
[EventDate "2018.01.20"]

1. d4 Nf6 2. c4 e6 3. Nc3 Bb4 4. e3 O-O 5. Nf3 d5 6. Bd3 c5 7. O-O dxc4 8. Bxc4
Qc7 9. Qe2 a6 10. a3 Bxc3 11. bxc3 b6 12. e4 Bb7 13. Bd3 c4 14. Bc2 h6 15. e5
Nd5 16. Qe4 Nf6 17. Qh4 Nd5 18. Qg4 f5 19. exf6 Rxf6 20. Qe4 Nd7 21. Qh7+ Kf7
22. Re1 Ne7 23. Ne5+ Kf8 24. Qh8+ Ng8 25. Bh7 Nxe5 26. dxe5 Kf7 27. Bc2 Rxf2
28. Kxf2 Nf6 29. Qxa8 Bxa8 30. exf6 Qxh2 31. Rg1 Qh4+ 32. Ke2 Qg4+ 33. Kf1 gxf6
34. Be3 Be4 35. Bxe4 Qxe4 36. Bd2 Qc2 37. Ke1 Qb2 38. Ke2 Qc2 39. Rh1 Qe4+ 40.
Kd1 Qxg2 41. Kc2 Qe4+ 42. Kb2 Qd5 43. Rad1 Qb5+ 44. Ka1 Qb3 45. Bc1 Qxc3+ 46.
Bb2 Qb3 47. Rc1 Kg7 48. Rc3 Qa4 49. Rg3+ Kf7 50. Rf1 f5 51. Rfg1 Ke7 52. Re1
Qc2 53. Rge3 Kd7 54. Rc3 Qa4 55. Rg3 Qc2 56. Rc1 Qe2 57. Rgc3 b5 58. R3c2 Qf3
59. Rg1 Qe4 60. Rd2+ Kc6 61. Rgd1 Qf4 62. Rd8 a5 63. Re8 Qe4 64. Rb8 e5 65.
Rdd8 Qh1+ 66. Ka2 Qf3 67. Rbc8+ Kb7 68. Rb8+ Kc6 69. Rbc8+ Kb7 70. Rb8+ 1/2-1/2

[Event "Open Marianske Lazne 2018 - A + B"]
[Site "Marianske Lazne (CZE)"]
[Date "2018.01.22"]
[Round "3"]
[White "Lukasiewicz, Krzysztof"]
[Black "Heimrath, Reiner"]
[Result "1-0"]
[WhiteElo "2218"]
[BlackElo "2260"]
[PlyCount "77"]
[EventDate "2018.01.20"]

1. e4 d6 2. d4 Nf6 3. Nc3 e5 4. Nf3 exd4 5. Nxd4 Be7 6. Bf4 O-O 7. Qd2 Nbd7 8.
O-O-O Re8 9. f3 a6 10. g4 Nc5 11. Nf5 Be6 12. Kb1 b5 13. Ne2 Bf8 14. Ned4 Kh8
15. h4 Ncd7 16. Nc6 Qc8 17. h5 Qb7 18. Ncd4 Ne5 19. h6 g6 20. Ng7 Re7 21. Bg5
Nxf3 22. Nxf3 Nxe4 23. Qg2 Nxg5 24. Nxg5 Bd5 25. Qf2 Bxh1 26. Bd3 Kg8 27. Nf5
gxf5 28. Qxf5 f6 29. Nxh7 Qf3 30. Qg6+ Bg7 31. Rc1 Rf8 32. Nxf8 Kxf8 33. hxg7+
Rxg7 34. Qh5 Bg2 35. Re1 Qc6 36. Bg6 Rxg6 37. Qxg6 d5 38. Qh6+ Kg8 39. Re7 1-0

[Event "Open Marianske Lazne 2018 - A + B"]
[Site "Marianske Lazne (CZE)"]
[Date "2018.01.23"]
[Round "4"]
[White "Frolov, Artur"]
[Black "Voinikonis, Nikita"]
[Result "1-0"]
[WhiteElo "2407"]
[BlackElo "2218"]
[PlyCount "75"]
[EventDate "2018.01.20"]

1. d4 d5 2. Nf3 Nf6 3. c4 e6 4. Nc3 Be7 5. Bg5 O-O 6. e3 Nbd7 7. Rc1 a6 8. cxd5
exd5 9. Be2 c6 10. O-O Ne8 11. Bxe7 Qxe7 12. Re1 Nd6 13. b4 Nb6 14. a4 Be6 15.
a5 Nd7 16. Na4 Bg4 17. Nc5 Bxf3 18. Bxf3 f5 19. h4 Nf6 20. g3 g6 21. Kg2 Kg7
22. Rh1 h6 23. Qc2 g5 24. hxg5 hxg5 25. g4 Nfe4 26. gxf5 Rxf5 27. Bxe4 dxe4 28.
Qa2 Kg6 29. Qe6+ Qxe6 30. Nxe6 Re8 31. Nc5 Ref8 32. Rc2 Re8 33. Nxb7 Nxb7 34.
Rxc6+ Rf6 35. Rh6+ Kxh6 36. Rxf6+ Kh5 37. Rxa6 Nd8 38. Ra8 1-0

[Event "Open Marianske Lazne 2018 - A + B"]
[Site "Marianske Lazne (CZE)"]
[Date "2018.01.23"]
[Round "4"]
[White "Pisk, Petr"]
[Black "Vulfson, Vladimir"]
[Result "1/2-1/2"]
[WhiteElo "2333"]
[BlackElo "2401"]
[PlyCount "56"]
[EventDate "2018.01.20"]

1. d4 d5 2. Nf3 Nf6 3. c4 e6 4. Nc3 Be7 5. Bf4 O-O 6. e3 c5 7. dxc5 Bxc5 8.
cxd5 Nxd5 9. Nxd5 exd5 10. a3 Nc6 11. Bd3 Bb6 12. O-O Qf6 13. b4 h6 14. Rc1 Rd8
15. b5 Na5 16. Be5 Qe7 17. Qa4 Nc4 18. Bxc4 dxc4 19. Qxc4 Bf5 20. Bd4 Rac8 21.
Qb4 Qxb4 22. axb4 Bd3 23. Rfe1 Bxb5 24. Bxb6 axb6 25. Nd4 Bd7 26. Kf1 Kf8 27.
Ke2 Ke7 28. Kd2 Ra8 1/2-1/2

[Event "Open Marianske Lazne 2018 - C"]
[Site "Marianske Lazne (CZE)"]
[Date "2018.01.23"]
[Round "5"]
[White "Molnar, Bela"]
[Black "Kolbus, Dietmar"]
[Result "1-0"]
[WhiteElo "2278"]
[BlackElo "2322"]
[PlyCount "117"]
[EventDate "2018.01.20"]

1. e4 e6 2. d4 d5 3. Nc3 Bb4 4. e5 Ne7 5. a3 Bxc3+ 6. bxc3 b6 7. a4 Ba6 8. Bb5+
Bxb5 9. axb5 Qd7 10. Qg4 Nf5 11. Ne2 Qxb5 12. Ng3 g6 13. Nxf5 exf5 14. Qh4 Qc6
15. O-O Kd7 16. c4 Kc8 17. cxd5 Qxd5 18. c4 Qxc4 19. Bf4 Kb7 20. Rac1 Qd5 21.
e6 Na6 22. Qe7 Qxe6 23. Rxc7+ Nxc7 24. Qxc7+ Ka6 25. Ra1+ Kb5 26. Qc2 a5 27.
Qd3+ Kc6 28. d5+ Qxd5 29. Rc1+ Qc5 30. Qd6+ Kb5 31. Qd7+ Ka6 32. Rxc5 bxc5 33.
Qc6+ Ka7 34. Qxc5+ Ka6 35. Qc6+ Ka7 36. Be3+ Kb8 37. Qb6+ Kc8 38. Qc6+ Kb8 39.
Bf4+ Ka7 40. Bc7 Rhb8 41. Bxb8+ Rxb8 42. Qc7+ Rb7 43. Qxa5+ Kb8 44. Qe5+ Rc7
45. h4 h5 46. Kh2 Kc8 47. Qe8+ Kb7 48. Kg3 Kb6 49. f3 Kc5 50. Kf4 Kd6 51. Kg5
Re7 52. Qb8+ Ke6 53. f4 Kd5 54. Kf6 Re3 55. Kxf7 Rg3 56. Qe5+ Kc4 57. Qe2+ Kb3
58. Qf3+ Rxf3 59. gxf3 1-0

[Event "Open Marianske Lazne 2018 - C"]
[Site "Marianske Lazne (CZE)"]
[Date "2018.01.23"]
[Round "5"]
[White "Laszczak, Przemyslaw"]
[Black "Grela, Kacper"]
[Result "0-1"]
[WhiteElo "2100"]
[BlackElo "2294"]
[PlyCount "88"]
[EventDate "2018.01.20"]

1. d4 Nf6 2. c4 e6 3. Nf3 b6 4. Bg5 Bb7 5. e3 Be7 6. Bd3 Ne4 7. Bxe7 Qxe7 8.
O-O O-O 9. Qc2 f5 10. Nc3 Nxc3 11. Qxc3 d6 12. Qc2 Bxf3 13. gxf3 Nd7 14. Kh1 g6
15. Rg1 Kh8 16. f4 c5 17. Qc3 Qf6 18. Be2 cxd4 19. Qxd4 Qxd4 20. exd4 Rac8 21.
b3 Kg7 22. Bf3 Kf6 23. Rge1 Rfe8 24. Re3 h6 25. h4 g5 26. hxg5+ hxg5 27. fxg5+
Kxg5 28. Rg1+ Kf6 29. Bh5 Rg8 30. Rxg8 Rxg8 31. Bf3 e5 32. dxe5+ dxe5 33. Bd5
Rg7 34. b4 e4 35. f3 Ke5 36. fxe4 f4 37. Rh3 Nf6 38. c5 bxc5 39. bxc5 Nxe4 40.
Bxe4 Kxe4 41. c6 f3 42. Rh4+ Ke3 43. Rc4 Rh7+ 44. Kg1 f2+ 0-1

[Event "Open Marianske Lazne 2018 - C"]
[Site "Marianske Lazne (CZE)"]
[Date "2018.01.23"]
[Round "5"]
[White "Tchernyi, Viktor"]
[Black "Certek, Pavel"]
[Result "0-1"]
[WhiteElo "2071"]
[BlackElo "2286"]
[PlyCount "64"]
[EventDate "2018.01.20"]

1. d4 Nf6 2. Nc3 d5 3. Bg5 Nbd7 4. Qd3 c5 5. e4 cxd4 6. Qxd4 e5 7. Qa4 d4 8.
Nd5 Be7 9. Bxf6 Bxf6 10. Bb5 O-O 11. Qa3 Nb6 12. Nxf6+ Qxf6 13. Nf3 a6 14. Bd3
Bg4 15. Nd2 Rac8 16. O-O Qg5 17. f4 exf4 18. Qd6 Na4 19. Qxf4 Qh5 20. Nc4 Be2
21. Rf2 Bxd3 22. cxd3 Nc5 23. Nd6 Nxd3 24. Qf5 Qxf5 25. Rxf5 Rc7 26. Rd1 g6 27.
Rd5 Nf4 28. Ra5 Rc2 29. g3 Ne2+ 30. Kf1 Rxb2 31. Nc4 Rc2 32. Na3 Rxa2 0-1

[Event "Open Marianske Lazne 2018 - C"]
[Site "Marianske Lazne (CZE)"]
[Date "2018.01.23"]
[Round "5"]
[White "Neckar, Lubomir"]
[Black "Volodin, Viktor"]
[Result "1-0"]
[WhiteElo "2293"]
[BlackElo "2207"]
[PlyCount "79"]
[EventDate "2018.01.20"]

1. Nf3 d5 2. g3 c5 3. Bg2 Nc6 4. d4 e6 5. O-O Nf6 6. c4 dxc4 7. Qa4 Bd7 8. Qxc4
b5 9. Qd3 Rc8 10. dxc5 Bxc5 11. Nc3 b4 12. Nb5 O-O 13. Nd6 Nd4 14. Bf4 Nd5 15.
Ng5 g6 16. Nge4 Bb6 17. Bh6 Qe7 18. Bxf8 Rxf8 19. e3 Nf5 20. Nxf5 gxf5 21. Nd2
Bc6 22. Rac1 Bb7 23. Nc4 Rd8 24. Qb3 Bc5 25. Rfd1 Rc8 26. Na5 Ba8 27. Qd3 Rc7
28. Nb3 Bb6 29. Rxc7 Qxc7 30. Nd4 Bxd4 31. Qxd4 Qc2 32. Qd2 Qc4 33. Rc1 Qa6 34.
e4 fxe4 35. Qg5+ Kf8 36. Qd8+ Kg7 37. Qxa8 e3 38. Bxd5 Qd3 39. Qxa7 e2 40. Bb3
1-0

[Event "Open Marianske Lazne 2018 - C"]
[Site "Marianske Lazne (CZE)"]
[Date "2018.01.23"]
[Round "5"]
[White "Domanski, Lukasz"]
[Black "Vacha, Jaroslav"]
[Result "0-1"]
[WhiteElo "2121"]
[BlackElo "2028"]
[PlyCount "72"]
[EventDate "2018.01.20"]

1. e4 d5 2. exd5 c6 3. c4 Nf6 4. Nc3 cxd5 5. cxd5 Nxd5 6. Nf3 Nc6 7. Bb5 Nxc3
8. bxc3 Qa5 9. Qb3 g6 10. Bxc6+ bxc6 11. O-O e6 12. Re1 Bd6 13. d4 Rb8 14. Qc2
f6 15. Bd2 O-O 16. c4 Qh5 17. c5 Bc7 18. Rab1 Rxb1 19. Rxb1 e5 20. dxe5 fxe5
21. Qc4+ Kh8 22. Ng5 e4 23. g3 h6 24. Nxe4 Bh3 25. Qd3 Rd8 26. Nd6 Bxd6 27.
cxd6 Bf5 28. Qb3 Bxb1 29. Qxb1 Qd5 30. Bf4 Qb5 31. Qxg6 Rb8 32. Qe6 Qd3 33. d7
Rb1+ 34. Kg2 Rd1 35. d8=Q+ Qxd8 36. Qxc6 Qd5+ 0-1

[Event "Open Marianske Lazne 2018 - C"]
[Site "Marianske Lazne (CZE)"]
[Date "2018.01.23"]
[Round "5"]
[White "Korpalski, Maciej"]
[Black "Tatarintsev, Egor"]
[Result "0-1"]
[WhiteElo "2022"]
[BlackElo "2100"]
[PlyCount "58"]
[EventDate "2018.01.20"]

1. e4 e6 2. d3 d5 3. Nd2 c5 4. Ngf3 Nc6 5. g3 Bd6 6. Qe2 Nge7 7. Bg2 O-O 8. O-O
Bc7 9. Re1 b6 10. Nf1 Ba6 11. e5 Ng6 12. Bf4 Qd7 13. h4 f6 14. exf6 Nxf4 15.
gxf4 Rxf6 16. Ng3 g6 17. Ne5 Bxe5 18. fxe5 Rf4 19. h5 Nd4 20. Qd2 Raf8 21. Rf1
Qg7 22. Rae1 gxh5 23. Re3 Qg6 24. c3 Nf3+ 25. Bxf3 Rxf3 26. Kh2 Qg4 27. Rxf3
Rxf3 28. Rg1 h4 29. Nf5 Rh3# 0-1

[Event "Open Marianske Lazne 2018 - C"]
[Site "Marianske Lazne (CZE)"]
[Date "2018.01.23"]
[Round "5"]
[White "Kalinowska, Zuzanna"]
[Black "Choroszej, Aleksander"]
[Result "0-1"]
[WhiteElo "1980"]
[BlackElo "2073"]
[PlyCount "100"]
[EventDate "2018.01.20"]

1. d4 g6 2. Nf3 Bg7 3. c4 d6 4. e4 Nc6 5. h3 e5 6. d5 Nce7 7. g4 Nf6 8. Nc3 h5
9. g5 Nd7 10. Be3 a5 11. Nd2 b6 12. Be2 O-O 13. Nf3 Nc5 14. Nh4 Bd7 15. Kd2 Qe8
16. Qc2 c6 17. Rag1 Rb8 18. Qd1 cxd5 19. cxd5 b5 20. Bxc5 dxc5 21. d6 b4 22.
Nb1 Nc6 23. Bxh5 Nd4 24. Bg4 Rb6 25. Qc1 Rxd6 26. Ke3 Qe7 27. Bxd7 Rxd7 28. Nd2
c4 29. Qxc4 Rc7 30. Qd5 Ne6 31. Nhf3 Rd8 32. Qb5 Nf4 33. Ne1 a4 34. Nc4 b3 35.
axb3 axb3 36. Kf3 Qe6 37. Ne3 Rcd7 38. N1g2 Rd3 39. Nxf4 exf4 40. Kxf4 Bf8 41.
Rg4 Rd2 42. Kf3 Rxb2 43. Nd5 Bg7 44. Qb4 Rxd5 45. Qb8+ Bf8 46. exd5 Qe2+ 47.
Kf4 Qxf2+ 48. Ke4 Re2+ 49. Kd3 Re3+ 50. Kc4 Qe2+ 0-1